| 000 | 00665nam a2200241 a 4500 | ||
|---|---|---|---|
| 005 | 20140310183440.0 | ||
| 008 | 080423s19uu xx 00 eng d | ||
| 020 | _a0495128791 | ||
| 050 |
_aHQ 767.9 _b.B45 2007 |
||
| 100 | _aBerns, Roberta M. | ||
| 245 |
_aChild, family, school, community : _bsocialization and support / |
||
| 250 | _a7th ed. | ||
| 260 |
_aAustralia : _bThomson Wadsworth, _c2007. |
||
| 300 |
_a620 p. : _bcol. ill. ; _c27 cm. |
||
| 521 | _aPSYCH | ||
| 650 | _aChild development. | ||
| 650 | _aSocial change. | ||
| 650 | _aSocialization. | ||
| 650 | _aFamily. | ||
| 650 | _aCommunity life. | ||
| 942 |
_cBK _2lcc _kFOR |
||
| 999 |
_c23082 _d23082 |
||